Contemporary's make your mark in Retail jobs

Đã lưu trong:
書目詳細資料
主要作者: Grebel, Rosemary
格式: 圖書
語言:Undetermined
出版: Illinois Contemporary Books 1997
主題:
標簽: 添加標簽
沒有標簽, 成為第一個標記此記錄!
Thư viện lưu trữ: Trung tâm Học liệu Trường Đại học Cần Thơ
LEADER 00543nam a2200193Ia 4500
001 CTU_108669
008 210402s9999 xx 000 0 und d
082 |a 428.24 
082 |b G788 
100 |a Grebel, Rosemary 
245 0 |a Contemporary's make your mark in Retail jobs 
245 0 |c Rosemary Grebel, Phyllis Pogrund 
260 |a Illinois 
260 |b Contemporary Books 
260 |c 1997 
650 |a English language 
650 |x Study and teaching 
904 |i Năm 
980 |a Trung tâm Học liệu Trường Đại học Cần Thơ